00416nam a2200157Ia 45000010006000000050017000060080041000230410008000640820016000721000046000882450072001342600009002063000027002156500008002426540008002501931220260306172644.0260306t2015||||xx |||||||||||||| ||spa|| aESP a658.83bR75 aRodríguez Matías, María JoséeAUT 0aEtnografía aplicada a la investigación comercial y al marketing c2015 a50 páginas :c30 cm. aGEN aCAN